Tratado de filosofía

Uloženo v:
Podrobná bibliografie
Hlavní autor: Jolivet, Régis (Autor)
Médium: Kniha
Jazyk:španělština
Vydáno: Buenos Aires Carlos Lohlé 1960
Témata:
Tagy: Přidat tag
Žádné tagy, Buďte první, kdo vytvoří štítek k tomuto záznamu!

MARC

LEADER 00000nam a2200000 a 4500
001 UCZ3966
003 CL-VaPUC
008 951027e19600000AG |||||||||||||||||spa|d
082 0 4 |a 102  |b JOL  |2 21 
100 |a Jolivet, Régis  |e author  |9 544683 
245 1 0 |a Tratado de filosofía 
300 |a v 
942 |c BK 
945 |d 19951027 00:00:00  |a lriquelm 
260 |a Buenos Aires  |b Carlos Lohlé  |c 1960 
500 |a v.1: Logica y Cosmologia 
500 |a v.2: Psicologia 
500 |a v.3: Metafísica 
500 |a v.4: Moral 
650 0 |a Filosofía   |9 223554 
650 0 |a Metafísica  |9 265649 
650 0 |a Cognición   |9 270347 
650 0 |a Inteligencia  |9 267038 
650 0 |a Filosofía de las ciencias  |9 256466 
650 0 |a Ciencia  |9 255691 
650 0 |a Teoría del conocimiento   |9 255038 
583 |a last modification  |c 19951027 00:00:00  |k Rodrigo Vera 
999 |c 240405  |d 240403 
952 |0 0  |1 0  |4 0  |6 102_000000000000000_JOL_1960  |7 0  |8 P  |9 252260  |a BIBEDU  |b BIBEDU  |c BIBEDU_PB  |d 2019-11-18  |h v.3  |i 159317K  |o 102 JOL 1960  |p 159317K  |r 2024-01-25  |w 2019-11-18  |y BK  |k FIL 
952 |0 0  |1 0  |4 0  |6 102_000000000000000_JOL_1960  |7 0  |8 DER_TF  |9 252261  |a BIBDER  |b BIBDER  |d 2019-11-18  |h v.1  |i 1884859  |o 102 JOL 1960  |p 1884859  |r 2023-01-25  |w 2019-11-18  |x Ubicación 4to Piso  |y BK  |z Estos recursos deben solicitarse con anticipación  |k DER 
952 |0 0  |1 0  |4 0  |6 102_000000000000000_JOL_1960  |7 0  |8 DER_TF  |9 252262  |a BIBDER  |b BIBDER  |d 2019-11-18  |h v.2  |i 1884921  |o 102 JOL 1960  |p 1884921  |r 2023-01-25  |w 2019-11-18  |x Ubicación 4to Piso  |y BK  |z Estos recursos deben solicitarse con anticipación  |k DER 
952 |0 0  |1 0  |4 0  |6 102_000000000000000_JOL_1960  |7 0  |8 DER_TF  |9 252263  |a BIBDER  |b BIBDER  |d 2019-11-18  |h v.4  |i 1884972  |o 102 JOL 1960  |p 1884972  |r 2023-01-25  |w 2019-11-18  |x Ubicación 4to Piso  |y BK  |z Estos recursos deben solicitarse con anticipación  |k DER